[Event "AJAXT128"]
[Site "http://www.queenalice.com/game.php?id=524879"]
[Date "2009.1.18"]
[Round "-"]
[White "xjxjbo"]
[Black "fcruzlopes"]
[Result "1-0"]
[WhiteElo "1202"]
[BlackElo "1213"]

1. e4 c5 2. Nf3 e6 3. d4 Nc6 4. d5 exd5 5. exd5 Nce7 6. Be2 d6 7. O-O a6 8. Re1
Nf6 9. a3 Nfxd5 10. Qxd5 Nxd5 11. Bb5# 1-0

[Event "AJAXT149"]
[Site "http://www.queenalice.com/game.php?id=524880"]
[Date "2009.1.18"]
[Round "-"]
[White "xjxjbo"]
[Black "JonBonachon100"]
[Result "1-0"]
[WhiteElo "1938"]
[BlackElo "1667"]

1. e4 e5 2. Nf3 Nc6 3. Bc4 Bc5 4. c3 Nf6 5. O-O Nxe4 6. d4 exd4 7. cxd4 Be7 8.
d5 Na5 9. Bd3 Nf6 10. b4 Bxb4 11. Qa4 Nxd5 12. a3 O-O 13. axb4 Nc6 14. Bg5 Nce7
15. Qb3 1-0

[Event "AJAXT156"]
[Site "http://www.queenalice.com/game.php?id=524881"]
[Date "2009.1.18"]
[Round "-"]
[White "xjxjbo"]
[Black "Arkantos"]
[Result "1-0"]
[WhiteElo "1946"]
[BlackElo "2070"]

1. e4 c5 2. Nf3 Nc6 3. d4 cxd4 4. Nxd4 Nf6 5. Nc3 e5 6. Ndb5 d6 7. Bg5 a6 8. Na3
b5 9. Bxf6 gxf6 10. Nd5 Be6 11. Bd3 f5 12. O-O Bg7 13. c4 1-0

[Event "AJAXT170"]
[Site "http://www.queenalice.com/game.php?id=524882"]
[Date "2009.1.18"]
[Round "-"]
[White "xjxjbo"]
[Black "carlao2005"]
[Result "1-0"]
[WhiteElo "2022"]
[BlackElo "1881"]

1. e4 e5 2. Nf3 Nc6 3. Bc4 Nf6 4. Ng5 d5 5. exd5 Nxd5 6. Bxd5 Qxd5 7. O-O e4 8.
Nxe4 Bf5 9. Nec3 Qd7 10. Re1+ Be7 11. d3 O-O-O 12. Nd2 Kb8 13. Nc4 Rhe8 14. Be3
Bh4 15. Qf3 Bg4 16. Qf4 g5 17. Qf6 Re6 18. Qg7 h6 19. Ne4 f5 20. Qxd7 Rxd7 21.
Nc5 Rdd6 22. Nxe6 Rxe6 23. Bxa7+ Kxa7 24. Rxe6 Nd4 25. Rxh6 Nxc2 26. Rc1 Nb4 27.
g3 Nxd3 28. Rc3 Nxf2 29. Ra3+ Kb8 30. Rh8# 1-0

[Event "AJAXT184 "]
[Site "http://www.queenalice.com/game.php?id=524883"]
[Date "2009.1.18"]
[Round "-"]
[White "xjxjbo"]
[Black "ViniciusCastro"]
[Result "1-0"]
[WhiteElo "1662"]
[BlackElo "1605"]

1. e4 e5 2. Nf3 Nc6 3. Bc4 Bc5 4. c3 a6 5. d4 exd4 6. cxd4 Ba7 7. O-O Nge7 8.
Be3 O-O 9. Nc3 b5 10. Bb3 Bb7 11. Re1 Na5 12. Bc2 Nc4 13. Bc1 b4 14. Bd3 Na5 15.
Ne2 d5 16. e5 c5 17. Bxh7+ Kxh7 18. Ng5+ Kg8 19. Qd3 Ng6 20. Qh3 Re8 21. e6 Bc8
22. exf7+ Kf8 23. Qh7 Re6 24. Nxe6+ Bxe6 25. Qg8+ Ke7 26. Bg5+ 1-0

[Event "AJAXT158"]
[Site "http://www.queenalice.com/game.php?id=525119"]
[Date "2009.1.18"]
[Round "-"]
[White "andre2006"]
[Black "xjxjbo"]
[Result "0-1"]
[WhiteElo "1166"]
[BlackElo "1339"]

1. e4 e6 2. Nf3 d5 3. exd5 exd5 4. d4 Bd6 5. c4 Nf6 6. Nc3 c6 7. Bg5 dxc4 8.
Bxc4 O-O 9. O-O Bg4 10. d5 h6 11. Be3 Re8 12. Bd4 Nxd5 13. Nxd5 cxd5 14. Bxd5
Bxh2+ 15. Kxh2 Qxd5 16. Qd3 Bxf3 17. gxf3 Re6 18. Rg1 Qh5+ 19. Kg2 Nc6 20. Bc3
Rae8 21. Kf1 Qh3+ 22. Rg2 Rg6 23. Qxg6 fxg6 24. Kg1 Ne5 25. Bxe5 Rxe5 26. Rd1
Rg5 27. Rd8+ Kh7 28. Kf1 Qxg2+ 29. Ke2 Re5+ 30. Kd3 Qxf3+ 31. Kc4 Re4+ 32. Kc5
Qf5+ 33. Rd5 Qxf2+ 34. Kd6 Rd4 35. Rxd4 Qxd4+ 36. Ke6 Qxb2 37. Kd6 h5 38. Kd5 h4
39. Ke4 h3 40. Kd5 h2 41. Ke4 h1=Q+ 42. Ke3 Qh4 43. Kd3 Qbd4+ 44. Ke2 Qhf2# 0-1

[Event "AJAXT140"]
[Site "http://www.queenalice.com/game.php?id=525802"]
[Date "2009.1.19"]
[Round "-"]
[White "jesselucass"]
[Black "xjxjbo"]
[Result "0-1"]
[WhiteElo "1085"]
[BlackElo "1997"]

1. g3 d5 2. Bg2 Nf6 3. Nf3 c5 4. O-O Nc6 5. d3 e5 6. e4 d4 7. Bd2 Be6 8. Na3 a6
9. Nc4 b5 10. Na3 Bd6 11. b3 O-O 12. Bg5 h6 13. Qd2 hxg5 14. Qxg5 Nh7 15. Qh5 c4
16. g4 Bxa3 17. g5 cxd3 18. cxd3 g6 19. Qh6 Be7 20. Rac1 Nxg5 21. Ne1 Nh3+ 22.
Bxh3 Bg5 23. Qxf8+ Qxf8 24. Bxe6 Bxc1 25. Bg4 Bf4 26. h3 Kg7 27. Nf3 f5 28. Nxe5
Nxe5 29. Be2 fxe4 30. dxe4 Qh8 31. Kg2 Qh4 32. Rg1 Rh8 33. a4 Qxh3# 0-1

[Event "AJAXT109"]
[Site "http://www.queenalice.com/game.php?id=527684"]
[Date "2009.1.23"]
[Round "-"]
[White "gfreire"]
[Black "xjxjbo"]
[Result "0-1"]
[WhiteElo "1883"]
[BlackElo "1487"]

1. e4 e6 2. d3 d5 3. Nd2 dxe4 4. Nxe4 Nf6 5. Bg5 Be7 6. Nf3 Nxe4 7. Bxe7 Qxe7 8.
dxe4 O-O 9. c3 e5 10. Bd3 Nc6 11. Qd2 Be6 12. Ng5 Rad8 13. Nxe6 Qxe6 14. O-O Qg4
15. Qe3 Ne7 16. Be2 Qe6 17. b3 a6 18. f4 Qh6 19. Rad1 Ng6 20. Rxd8 Rxd8 21. g3
exf4 22. gxf4 Ne7 23. Rd1 Rxd1+ 24. Bxd1 Ng6 25. Qd2 Qxf4 26. Qxf4 Nxf4 27. Kf2
Nd3+ 28. Ke3 Ne5 29. a4 Kf8 30. Be2 Ke7 31. b4 f6 32. h3 Kd6 33. Kd4 Nc6+ 34.
Kc4 Ke5 35. b5 axb5+ 36. axb5 Nd8 37. Bd3 Nf7 38. Kc5 Ng5 39. b6 c6 40. Kb4 Nxe4
41. Kb3 Nc5+ 0-1

[Event "Revanche"]
[Site "http://www.queenalice.com/game.php?id=536860"]
[Date "2009.2.8"]
[Round "-"]
[White "ViniciusCastro"]
[Black "xjxjbo"]
[Result "1-0"]
[WhiteElo "1729"]
[BlackElo "1999"]

1. d4 d5 2. Nf3 c5 3. c4 e6 4. e3 Nf6 5. Nc3 cxd4 6. exd4 Be7 7. Bf4 O-O 8. cxd5
Nxd5 9. Nxd5 Qxd5 10. Be2 Nc6 11. O-O Rd8 12. Be3 b6 13. Rc1 Bb7 14. b3 Bf6 15.
Bc4 Qd6 16. Qd2 Nxd4 17. Nxd4 Bxd4 18. Bxd4 Qxd4 19. Qxd4 Rxd4 20. Rfd1 Rad8 21.
Be2 Rd2 22. Bg4 Kf8 23. h3 Ke8 24. Rxd2 Rxd2 25. Rc7 Rd7 26. Rc2 Ke7 27. b4 Kf6
28. a4 Be4 29. Ra2 1-0

[Event "..."]
[Site "http://www.queenalice.com/game.php?id=537270"]
[Date "2009.2.8"]
[Round "-"]
[White "Matrim"]
[Black "xjxjbo"]
[Result "0-1"]
[WhiteElo "1939"]
[BlackElo "1975"]

1. d4 d5 2. e4 dxe4 3. Nc3 Nf6 4. f3 exf3 5. Nxf3 g6 6. Bc4 Bg7 7. O-O O-O 8.
Qe1 Bf5 9. Qh4 Bxc2 10. Rf2 Bf5 11. h3 Nc6 12. Bh6 Qd6 13. Rd1 Rad8 14. g4 Bxh6
15. Qxh6 Bxg4 16. Ng5 Qg3+ 17. Kf1 Bxh3+ 18. Qxh3 Qxg5 19. Rd3 Rxd4 20. Rxd4
Nxd4 21. Nd5 Qc1+ 22. Kg2 Qxc4 23. Nxf6+ exf6 24. Kh1 Ne6 25. Rh2 h5 26. Qf3 Qf4
27. Qxb7 Qf1# 0-1

[Event "...2"]
[Site "http://www.queenalice.com/game.php?id=537272"]
[Date "2009.2.8"]
[Round "-"]
[White "Kingfish"]
[Black "xjxjbo"]
[Result "0-1"]
[WhiteElo "1991"]
[BlackElo "1787"]

1. e4 c5 2. Nf3 d6 3. Bc4 Nf6 4. Nc3 Nc6 5. O-O g6 6. Re1 Bg7 7. d4 cxd4 8. Nd5
Bg4 9. Bb5 O-O 10. Bxc6 bxc6 11. Nxf6+ Bxf6 12. h3 Bxf3 13. Qxf3 Qa5 14. Qe2
Rab8 15. Rd1 Qe5 16. Rd3 d5 17. f4 Qxe4 18. Qxe4 dxe4 19. Ra3 Rfd8 20. Kf2 d3
21. cxd3 exd3 22. Ke3 d2 23. Bxd2 Bxb2 24. Rxa7 Bxa1 25. Rxe7 Re8 26. Rxe8+
Rxe8+ 27. Kd3 Ra8 28. Bc3 Bxc3 29. Kxc3 Rxa2 0-1

[Event "...3"]
[Site "http://www.queenalice.com/game.php?id=537274"]
[Date "2009.2.9"]
[Round "-"]
[White "CampbellMarcel"]
[Black "xjxjbo"]
[Result "0-1"]
[WhiteElo "1749"]
[BlackElo "1924"]

1. e4 c5 2. Bc4 g6 3. c3 Nc6 4. Nf3 Nf6 5. O-O Nxe4 6. d3 Nf6 7. Na3 Bg7 8. Re1
O-O 9. Be3 d5 10. Bb3 Qb6 11. d4 c4 12. Ba4 Bf5 13. Ne5 Ne4 14. f3 Nd6 15. g4
Be6 16. Bc2 Qxb2 17. Nxc6 bxc6 0-1

[Event "Challenge me"]
[Site "http://www.queenalice.com/game.php?id=537306"]
[Date "2009.2.9"]
[Round "-"]
[White "xjxjbo"]
[Black "Kingfish"]
[Result "1-0"]
[WhiteElo "1837"]
[BlackElo "1983"]

1. e4 Nf6 2. e5 Nd5 3. d4 d6 4. Nf3 Bg4 5. Be2 Bf5 6. Nh4 Bd7 7. O-O e6 8. Nf3
Be7 9. c4 Nb6 10. Be3 O-O 11. Nc3 a6 12. exd6 cxd6 13. Qb3 Qc7 14. d5 Nc8 15. a4
b6 16. h3 a5 17. Nb5 Bxb5 18. cxb5 Nd7 19. dxe6 fxe6 20. Qxe6+ Rf7 21. Bc4 d5
22. Bxd5 1-0

[Event "Challenge me"]
[Site "http://www.queenalice.com/game.php?id=537307"]
[Date "2009.2.9"]
[Round "-"]
[White "Kingfish"]
[Black "xjxjbo"]
[Result "0-1"]
[WhiteElo "1983"]
[BlackElo "1879"]

1. e4 e5 2. Nf3 Nc6 3. Bb5 a6 4. Ba4 Nf6 5. d3 b5 6. Bb3 Bc5 7. O-O O-O 8. Bd2
d6 9. a4 Bg4 10. h3 Bxf3 11. Qxf3 Nd4 12. Qd1 Nxb3 13. cxb3 b4 14. Bg5 h6 15.
Bxf6 Qxf6 16. Nd2 Bd4 17. Rc1 Ra7 18. Rc2 a5 19. Nf3 Bb6 20. Kh1 Rd8 21. Qe2 Qe6
22. Nd2 d5 23. exd5 Qxd5 24. Nc4 Raa8 25. Nxe5 Re8 26. f4 f6 27. Qf3 Qxb3 0-1

[Event "AUTO-MASTER-736"]
[Site "http://www.queenalice.com/game.php?id=538667"]
[Date "2009.2.11"]
[Round "1"]
[White "mett"]
[Black "xjxjbo"]
[Result "1-0"]
[WhiteElo "2100"]
[BlackElo "2010"]

1. e4 c5 2. Nf3 d6 3. d4 cxd4 4. Nxd4 Nf6 5. Nc3 g6 6. Be3 Bg7 7. Bc4 O-O 8. f3
Nc6 9. Qd2 Bd7 10. h4 Ne5 11. Bb3 1-0

[Event "AUTO-MASTER-736"]
[Site "http://www.queenalice.com/game.php?id=538668"]
[Date "2009.2.11"]
[Round "1"]
[White "xjxjbo"]
[Black "mett"]
[Result "0-1"]
[WhiteElo "2024"]
[BlackElo "2087"]

1. e4 c5 2. Nf3 d6 3. d4 cxd4 4. Nxd4 Nf6 5. Nc3 a6 6. Be2 e6 7. O-O b5 8. Bf3
e5 9. Nf5 Nc6 10. Bg5 h6 11. Bxf6 Qxf6 12. Nd5 Qd8 0-1

[Event "AUTO-MASTER-736"]
[Site "http://www.queenalice.com/game.php?id=538681"]
[Date "2009.2.11"]
[Round "1"]
[White "xjxjbo"]
[Black "jagvg"]
[Result "0-1"]
[WhiteElo "2034"]
[BlackElo "2309"]

1. e4 e6 2. d4 d5 3. exd5 exd5 4. Bd3 Bd6 5. Nf3 Bg4 6. O-O Ne7 7. Re1 Nc6 8. h3
Bxf3 9. Qxf3 Nxd4 10. Qg4 Ne6 11. c4 O-O 12. Qh4 Ng6 13. Qxd8 Rfxd8 14. cxd5 Bb4
15. Nc3 Bxc3 16. bxc3 Rxd5 17. Be4 Rb5 18. a4 Rb3 19. Be3 Rd8 0-1

[Event "AUTO-MASTER-736"]
[Site "http://www.queenalice.com/game.php?id=538682"]
[Date "2009.2.11"]
[Round "1"]
[White "jagvg"]
[Black "xjxjbo"]
[Result "1-0"]
[WhiteElo "2313"]
[BlackElo "2029"]

1. c4 g6 2. Nc3 Bg7 3. d4 d6 4. Nf3 Nf6 5. e4 O-O 6. Be2 c5 7. d5 Bd7 8. O-O e6
9. dxe6 Bxe6 10. Bf4 Qb6 11. Qb3 Qxb3 12. axb3 Rd8 13. Rfd1 Ne8 14. e5 Nc6 15.
exd6 Bf8 16. Ne4 b6 17. Rd2 Bf5 18. Bd3 Bxd6 19. Nxd6 1-0